| 000 | 00605nam a2200169Ia 4500 | ||
|---|---|---|---|
| 999 |
_c27038 _d27038 |
||
| 041 | _aEnglish | ||
| 082 | _aRL.0046 | ||
| 100 |
_aLaturkar, Vani N. _uSchool of Commerce and Management Sciences, S.R.T.M. University _vNanded, Maharashtra |
||
| 245 | 2 |
_aA study of impact of fee based policies of Banks on their profitability and customer behavior / _cVani N. Laturkar |
|
| 260 |
_aNew Delhi : _bIndian Council of Social Science Research, _c2015 |
||
| 300 | _a255p | ||
| 536 | _aICSSR | ||
| 650 | _aBanks and Banking | ||
| 650 | _aCustomer services | ||
| 650 | _aBank service charges | ||
| 942 |
_2ddc _cBK |
||